[Event "O Pohár mìsta Øíèany 2014 - OPEN A"]
[Site "Øíèany"]
[Date "2014.08.28"]
[Round "7.33"]
[White "Hadrava, Jaroslav"]
[Black "Stork, Rostislav"]
[Result "1-0"]
[WhiteElo "1918"]
[BlackElo "1807"]
[PlyCount "43"]

1. e4 e5 2. Bc4 Nf6 3. d4 Nc6 4. Nf3 exd4 5. Nxd4 Nxe4 6. O-O Be7 7. Nf5 d5 8.
Nxg7+ Kf8 9. Bh6 Kg8 10. Bxd5 Nd6 11. Nh5 Bg5 12. Bg7 Bf5 13. Bxc6 bxc6 14.
Bxh8 Kxh8 15. Qd4+ f6 16. Nc3 Bxc2 17. f4 Bh4 18. Rac1 Bg6 19. Ng3 Rb8 20. f5
Bxg3 21. fxg6 Be5 22. Qh4 1-0

[Event "O Pohár mìsta Øíèany 2014 - OPEN A"]
[Site "Øíèany"]
[Date "2014.08.28"]
[Round "7.34"]
[White "Grecny, Karol"]
[Black "Aubrecht, Petr"]
[Result "0-1"]
[WhiteElo "1888"]
[BlackElo "1539"]
[PlyCount "0"]
[PlyCount "44"]

1. e4 e5 2. Nf3 Nf6 3. d3 Nc6 4. c3 d6 5. Be2 Be7 6. Nbd2 d5 7. exd5 Nxd5 8.
Nc4 f6 9. Be3 Be6 10. O-O Nxe3 11. Nxe3 Bc5 12. b4 Bb6 13. Qc2 Qe7 14. Nc4 Rc8
15. a4 a6 16. b5 Bxc4 17. bxc6 Bd5 18. cxb7 Bxb7 19. Nd2 a5 20. Nc4 Bd5 21.
Rab1 Qc5 22. Bg4 Rb8 {Dale necitelne.} 0-1

[Event "O Pohár mìsta Øíèany 2014 - OPEN A"]
[Site "Øíèany"]
[Date "2014.08.28"]
[Round "7.35"]
[White "Havelka, Petr"]
[Black "Petr, Jakub"]
[Result "1-0"]
[WhiteElo "1882"]
[BlackElo "1657"]
[PlyCount "57"]

1. d4 Nf6 2. c4 g6 3. Nc3 d5 4. cxd5 Nxd5 5. e4 Nxc3 6. bxc3 Bg7 7. Nf3 c5 8.
Be3 Nc6 9. Rb1 Qa5 10. Qd2 cxd4 11. Nxd4 O-O 12. Rb5 Qc7 13. Be2 Rd8 14. Rd5
Bd7 15. O-O e6 16. Nb5 Qa5 17. Rxd7 a6 18. Rxd8+ Rxd8 19. Nd4 Bxd4 20. cxd4
Qxd2 21. Bxd2 Nxd4 22. Bd1 Ne2+ 23. Bxe2 Rxd2 24. Bc4 Rd4 25. Bb3 Rxe4 26. f3
Re2 27. Rc1 Rb2 28. Rc8+ Kg7 29. Rc7 1-0

[Event "O Pohár mìsta Øíèany 2014 - OPEN A"]
[Site "Øíèany"]
[Date "2014.08.28"]
[Round "7.37"]
[White "Hanl, Frantisek"]
[Black "Chromovsky, Hynek"]
[Result "1-0"]
[WhiteElo "1972"]
[BlackElo "1815"]
[PlyCount "30"]

1. e4 c6 2. d4 d5 3. e5 e6 4. Bd3 b6 5. f4 Ba6 6. Nf3 Bxd3 7. Qxd3 c5 8. c3 Nc6
9. Be3 Rc8 10. O-O cxd4 11. Nxd4 Nxd4 12. cxd4 Ne7 13. Nc3 Nf5 14. Bd2 Nxd4 15.
Kh1 Nf5 {dale necitelne} 1-0

[Event "O Pohár mìsta Øíèany 2014 - OPEN A"]
[Site "Øíèany"]
[Date "2014.08.28"]
[Round "7.38"]
[White "Cabart, Pavel"]
[Black "Vrtiakova, Anna"]
[Result "0-1"]
[WhiteElo "1713"]
[BlackElo "1954"]
[PlyCount "52"]

1. e4 c5 2. Nf3 d6 3. d4 cxd4 4. Nxd4 Nf6 5. Nc3 a6 6. f3 e5 7. Nb3 Be6 8. Be3
Be7 9. Qd2 O-O 10. O-O-O Nbd7 11. g4 b5 12. Qf2 Qc7 13. g5 Ne8 14. h4 b4 15.
Nd5 Bxd5 16. Rxd5 a5 17. g6 fxg6 18. h5 g5 19. h6 g6 20. Bh3 Nef6 21. Be6+ Kh8
22. Qd2 Nxd5 23. Bxd5 Rae8 24. Rg1 a4 25. Na1 Nc5 26. Kb1 Rxf3 0-1

[Event "O Pohár mìsta Øíèany 2014 - OPEN A"]
[Site "Øíèany"]
[Date "2014.08.28"]
[Round "7.39"]
[White "Pavlicek, Petr"]
[Black "Lhotsky, Zdenek Ml."]
[Result "1-0"]
[WhiteElo "1894"]
[BlackElo "1601"]
[PlyCount "91"]

1. c4 e5 2. Nc3 Nf6 3. Nf3 Nc6 4. g3 d5 5. cxd5 Nxd5 6. Bg2 Nb6 7. O-O Be7 8.
a3 O-O 9. b4 a6 10. d3 Be6 11. Rb1 f6 12. Be3 Nd5 13. Bd2 Qd7 14. Ne4 b6 15.
Re1 h6 16. Nh4 Kh7 17. Qc1 Rad8 18. Nc3 Nxc3 19. Bxc3 Nd4 20. e3 Nb5 21. d4 g5
22. Nf3 e4 23. Nd2 f5 24. Bb2 c5 25. Nc4 cxb4 26. Nxb6 Qa7 27. a4 Qxb6 28. axb5
Qxb5 29. Bf1 Qb6 30. Ra1 a5 31. Qb1 Bd5 32. Be2 Ra8 33. Bd1 b3 34. Ba3 Bxa3 35.
Rxa3 a4 36. Re2 Rfc8 37. Qa1 Rc4 38. Bxb3 axb3 39. Rxa8 Bxa8 40. Qxa8 b2 41.
Rxb2 Qxb2 42. Qa7+ Kg6 43. Qa6+ Kh5 44. Qxc4 Kg4 45. Kg2 Qb1 46. h3+ 1-0

[Event "O Pohár mìsta Øíèany 2014 - OPEN A"]
[Site "Øíèany"]
[Date "2014.08.28"]
[Round "7.40"]
[White "Vorisek, Jakub"]
[Black "Konvalinka, Vladislav"]
[Result "1-0"]
[WhiteElo "1616"]
[BlackElo "1860"]
[PlyCount "47"]

1. e4 e6 2. d4 d5 3. Nd2 Nf6 4. e5 Nfd7 5. Bd3 c5 6. c3 Nc6 7. Ne2 cxd4 8. cxd4
f6 9. exf6 Nxf6 10. Nf3 Qb6 11. O-O Bd6 12. Nc3 O-O 13. Be3 a6 14. Qd2 Qc7 15.
Bg5 Qf7 16. Rfe1 Qh5 17. h3 Kh8 18. Rac1 Bc7 19. Bb1 Ng8 20. Ne5 Nxd4 21. Nxd5
exd5 22. Qxd4 Qxg5 23. Rxc7 Bxh3 24. Ng6+ 1-0

[Event "O Pohár mìsta Øíèany 2014 - OPEN A"]
[Site "Øíèany"]
[Date "2014.08.28"]
[Round "7.42"]
[White "Jirousek, Filip"]
[Black "Helebrand, Frantisek"]
[Result "0-1"]
[WhiteElo "1778"]
[BlackElo "1546"]
[PlyCount "86"]

1. e4 e6 2. d4 d5 3. Nc3 Bb4 4. e5 c5 5. a3 Bxc3+ 6. bxc3 Nc6 7. Nf3 Qc7 8. Bb5
Nge7 9. O-O O-O 10. Bxc6 Nxc6 11. Ng5 h6 12. Nf3 Bd7 13. Nh4 Rac8 14. Qg4 Kh7
15. Nf3 Ne7 16. Qh5 cxd4 17. Bg5 Ng6 18. cxd4 Qxc2 19. Rae1 Qf5 20. Re3 Nf4 21.
Qh4 Ng6 22. Qh5 Bb5 23. g4 Qc2 24. Rfe1 Rc3 25. Kg2 Rxe3 26. Rxe3 Be2 27. Kg3
Bxf3 28. Rxf3 Qe4 29. Be3 Kg8 30. g5 hxg5 31. Qxg5 Re8 32. h4 Qb1 33. Kg2 Qe4
34. Kg3 Ne7 35. h5 Nf5+ 36. Rxf5 Qxf5 37. Qh4 Rc8 38. h6 Qg6+ 39. Kf3 gxh6 40.
Bxh6 Rc3+ 41. Be3 Rxa3 42. Qd8+ Kg7 43. Qe7 Rb3 0-1

[Event "O Pohár mìsta Øíèany 2014 - OPEN A"]
[Site "Øíèany"]
[Date "2014.08.28"]
[Round "7.43"]
[White "Zak, Jiri"]
[Black "Zabehlicky, Jiri"]
[Result "1-0"]
[WhiteElo "1776"]
[BlackElo "1585"]
[PlyCount "99"]

1. d4 Nf6 2. c4 d5 3. Nf3 e6 4. e3 Nbd7 5. Nc3 c6 6. Bd3 dxc4 7. Bxc4 b5 8. Bd3
Bb7 9. O-O Be7 10. Qc2 g6 11. Re1 O-O 12. Nd2 a6 13. Nce4 Nd5 14. Be2 Rc8 15.
Nb3 Nb4 16. Qb1 c5 17. a3 Nd5 18. dxc5 Bxc5 19. Nexc5 Nxc5 20. Nxc5 Rxc5 21.
Rd1 Qc8 22. Bd2 Rc2 23. Bd3 Rc7 24. e4 Ne7 25. b4 Nc6 26. Qb2 f6 27. Rac1 Ne5
28. Rxc7 Qxc7 29. Bb1 Nc4 30. Qc3 Qe7 31. Be1 Rc8 32. Qb3 Nd6 33. f3 Nf7 34.
Bd2 Re8 35. Bc2 Qc7 36. Be3 Kg7 37. g3 Bc8 38. Qb2 Rd8 39. Rc1 Qd7 40. Bb3 Qd3
41. Bb6 Re8 42. Kg2 Qd7 43. Rd1 Qb7 44. Bd4 e5 45. Bc5 Rd8 46. Rxd8 Nxd8 47.
Qd2 Qd7 48. Qd5 Qf7 49. Qxd8 Qxb3 50. Qf8# 1-0

[Event "O Pohár mìsta Øíèany 2014 - OPEN A"]
[Site "Øíèany"]
[Date "2014.08.28"]
[Round "7.44"]
[White "Vorsilka, Jiri"]
[Black "Trochta, Vojtech"]
[Result "1-0"]
[WhiteElo "1691"]
[BlackElo "1744"]
[PlyCount "59"]

1. e4 c5 2. Nc3 Nc6 3. f4 d6 4. Nf3 g6 5. Bb5 Bd7 6. Bxc6 Bxc6 7. O-O Bg7 8. d3
e6 9. Be3 Nf6 10. Kh1 Qe7 11. Qe1 O-O 12. Qh4 Qc7 13. Nd2 Nd7 14. f5 Qd8 15.
Qh3 exf5 16. exf5 d5 17. Bh6 Nf6 18. Bxg7 Kxg7 19. fxg6 hxg6 20. Qg3 Nh5 21.
Qf2 Qd6 22. d4 b6 23. dxc5 bxc5 24. Nb3 d4 25. Ne2 Nf6 26. Nxc5 Rad8 27. Nd3
Ne4 28. Qf4 Qd5 29. Qe5+ f6 30. Qxd5 1-0

[Event "O Pohár mìsta Øíèany 2014 - OPEN A"]
[Site "Øíèany"]
[Date "2014.08.28"]
[Round "7.46"]
[White "Benes, Karel"]
[Black "Sadil, Jan"]
[Result "0-1"]
[WhiteElo "1669"]
[BlackElo "1722"]
[PlyCount "58"]

1. Nf3 Nf6 2. d3 d6 3. b3 e5 4. e4 Be7 5. Bb2 O-O 6. g3 h6 7. Bg2 Bg4 8. Nbd2
Nbd7 9. O-O Nh7 10. Qe1 Ng5 11. Nxg5 Bxg5 12. Nc4 Rb8 13. Bc1 f5 14. f4 exf4
15. Bxf4 fxe4 16. Bxe4 Bxf4 17. gxf4 Nf6 18. Bg2 Nh5 19. Qd2 Qf6 20. Ne3 Bd7
21. c3 c6 22. f5 Qg5 23. Rad1 Bxf5 24. Nc4 Qg6 25. Ne3 Bh3 26. Rxf8+ Rxf8 27.
Rf1 Nf4 28. d4 Bxg2 29. Nxg2 Nh3+ 0-1

[Event "O Pohár mìsta Øíèany 2014 - OPEN A"]
[Site "Øíèany"]
[Date "2014.08.28"]
[Round "7.47"]
[White "Palla, Ivan"]
[Black "Korsa, Jiri"]
[Result "1/2-1/2"]
[WhiteElo "1536"]
[BlackElo "1695"]
[PlyCount "23"]

1. Nf3 g6 2. g3 Bg7 3. Bg2 d6 4. d4 Nc6 5. O-O e5 6. dxe5 dxe5 7. Qxd8+ Nxd8 8.
e4 Ne6 9. Rd1 Ne7 10. Nc3 c6 11. Be3 O-O 12. Rd2 1/2-1/2